Guía para el estudio de los monumentos esculpidos de Chinkultie; Chiapas

Gespeichert in:
Bibliographische Detailangaben
1. Verfasser: Navarrete, Carlos
Format: Text
Veröffentlicht: Ciudad Universitaria: Libros de México S. A.
Tags: Tag hinzufügen
Keine Tags, Fügen Sie den ersten Tag hinzu!

MARC

LEADER 00000 a a2200000 04500
001 14434
003
040
090 |a EXTRAVIADO  
100 |a Navarrete, Carlos  
245 |a Guía para el estudio de los monumentos esculpidos de Chinkultie; Chiapas  
260 |a Ciudad Universitaria:   |b Libros de México S. A.  
300 |a 193 p.  
999 |c 13242  |d 13242